Devinez le Pays Mystère #155 - Statistiques

Statistiques générales
  • Ce quiz a été pris 280 fois
  • Le résultat moyen est 12 sur 15
Statistiques - réponses
Type de Réponse Réponse % Correct
Lettre Trouvée E
100%
Lettre Bien Placée E
99%
Lettre Trouvée A
95%
Lettre Trouvée I
92%
Lettre Bien Placée A
88%
Lettre Bien Placée I
87%
Lettre Trouvée O
85%
Lettre Trouvée S
84%
Lettre Trouvée L
83%
Lettre Bien Placée O
76%
Lettre Trouvée M
72%
Lettre Bien Placée M
67%
Lettre Bien Placée L
64%
Lettre Bien Placée S
64%
Pays Mystère Somalie
64%
Aucun quiz correspondant
Distribution des résultats
% des personnes avec chaque résultat
Percentile par nombre de réponses
Votre historique - résultats
Vous n’avez pas pris ce quiz